[Event "Titled Tue 17th Jun Early"]
[Site "chess.com INT"]
[Date "2025.06.17"]
[Round "6"]
[White "Novosel, Lovro"]
[Black "Lopez Del Alamo, Antonio"]
[Result "0-1"]
[WhiteTitle "FM"]
[BlackTitle "FM"]
[WhiteElo "2338"]
[BlackElo "2166"]
[WhiteFideId "14547120"]
[BlackFideId "2227339"]
[EventDate "2025.06.17"]

1. c4 Nf6 2. Nc3 e5 3. g3 d5 4. cxd5 Nxd5 5. Bg2 Nb6 6. Nf3 Nc6 7. O-O Be7 8. d3
O-O 9. a3 Re8 10. b4 Bf8 11. Bb2 Bg4 12. h3 Bh5 13. Rc1 a6 14. Ne4 Nd4 15. Nxd4
exd4 16. g4 Bg6 17. Nc5 Bxc5 18. bxc5 Nd5 19. Qb3 Nf4 20. Rc4 Nxg2 21. Kxg2 Qd5+
22. Kg1 Rxe2 23. Bxd4 Rae8 24. Rb4 Qf3 25. Kh2 Re1 26. Rxe1 Rxe1 27. Qb1 Rxb1
28. Rxb1 Bxd3 29. Re1 Be4 30. Rg1 f6 31. Rg3 Qh1# 0-1

[Event "Titled Tue 17th Jun Early"]
[Site "chess.com INT"]
[Date "2025.06.17"]
[Round "6"]
[White "Junior, Liduino F Vasconcelos"]
[Black "Burmakin, Evgeniy"]
[Result "0-1"]
[BlackTitle "FM"]
[WhiteElo "2047"]
[BlackElo "2110"]
[WhiteFideId "2109913"]
[BlackFideId "4163729"]
[EventDate "2025.06.17"]

1. e4 c5 2. b3 Nc6 3. f4 d5 4. e5 Bf5 5. Bb5 a6 6. Bxc6+ bxc6 7. Nf3 e6 8. Nc3
c4 9. Bb2 Bc5 10. Na4 Ba7 11. Nd4 Qh4+ 12. g3 Qh3 13. Nxf5 Qxf5 14. d4 cxd3 15.
Qxd3 Qg4 16. Qxa6 Bf2+ 17. Kxf2 Rxa6 18. Nc5 Ra8 19. Nb7 Ne7 20. Nd6+ Kd7 21. h3
Qg6 22. Rhc1 Nf5 23. Nb7 Qxg3+ 0-1

[Event "Titled Tue 17th Jun Early"]
[Site "chess.com INT"]
[Date "2025.06.17"]
[Round "6"]
[White "Shangin, Lev"]
[Black "Lorans, Sylvain"]
[Result "0-1"]
[BlackTitle "CM"]
[WhiteElo "2169"]
[BlackElo "2155"]
[WhiteFideId "55681085"]
[BlackFideId "605794"]
[EventDate "2025.06.17"]

1. c3 d5 2. d3 e5 3. Nd2 Nf6 4. Qc2 a5 5. e4 Nc6 6. Ngf3 Bc5 7. Be2 O-O 8. O-O
h6 9. h3 Re8 10. Re1 Be6 11. Nf1 a4 12. Ng3 Bf8 13. Be3 a3 14. b3 d4 15. cxd4
exd4 16. Bd2 Nb4 17. Bxb4 Bxb4 18. Rf1 c5 19. Nd2 b5 20. f4 Qa5 21. Rad1 Rac8
22. f5 Bd7 23. Nf3 Bc6 24. Rf2 c4 25. bxc4 bxc4 26. Nxd4 cxd3 27. Qxd3 Bc5 28.
Kh1 Nxe4 29. Nxe4 Bxe4 30. Qg3 Qa7 31. f6 Bg6 32. Qf4 Rcd8 33. fxg7 Bxd4 34.
Qxh6 Bxg7 0-1

[Event "Titled Tue 17th Jun Early"]
[Site "chess.com INT"]
[Date "2025.06.17"]
[Round "6"]
[White "Carlsson, Ludvig"]
[Black "Aliyev, Elnur"]
[Result "1-0"]
[WhiteTitle "IM"]
[BlackTitle "CM"]
[WhiteElo "2379"]
[BlackElo "2123"]
[WhiteFideId "1727010"]
[BlackFideId "13402617"]
[EventDate "2025.06.17"]

1. Nf3 c5 2. e4 Nc6 3. d4 cxd4 4. Nxd4 Nf6 5. Nc3 e5 6. Ndb5 d6 7. Bg5 a6 8. Na3
d5 9. Nxd5 Bxa3 10. bxa3 Qa5+ 11. Bd2 Qd8 12. Bg5 Qa5+ 13. Qd2 Qxd2+ 14. Bxd2
Rb8 15. Nxf6+ gxf6 16. Bd3 Rg8 17. g3 Nd4 18. c3 Nf3+ 19. Ke2 Nxd2 20. Kxd2 Be6
21. Ke3 Ke7 22. Rab1 Rgc8 23. Rhc1 Bxa2 24. Rb6 Bc4 25. Rcb1 Bb5 26. Bxb5 axb5
27. Rb3 Rc5 28. R6xb5 Rxb5 29. Rxb5 Kd7 30. Rb6 Ke7 31. a4 h5 32. a5 Rc8 33.
Rxb7+ Kf8 34. Kd3 Rd8+ 35. Kc4 Rd2 36. a6 Kg7 37. Rb4 Ra2 38. Kb5 Kg6 39. Ra4
Rb2+ 40. Kc5 Rb8 41. a7 Ra8 42. Kb6 Kg5 43. f3 h4 44. Kb7 Rxa7+ 45. Kxa7 hxg3
46. hxg3 f5 47. exf5 Kxf5 48. Rg4 1-0

[Event "Titled Tue 17th Jun Early"]
[Site "chess.com INT"]
[Date "2025.06.17"]
[Round "6"]
[White "Luong Phuong Hanh"]
[Black "Williams, Simon K"]
[Result "0-1"]
[WhiteTitle "WIM"]
[BlackTitle "GM"]
[WhiteElo "2121"]
[BlackElo "2444"]
[WhiteFideId "12401013"]
[BlackFideId "404454"]
[EventDate "2025.06.17"]

1. d4 e6 2. Nf3 f5 3. e3 Nf6 4. Bd3 b6 5. h3 Bb7 6. O-O Bd6 7. c4 O-O 8. Nc3 Ne4
9. Bxe4 fxe4 10. Nd2 Bb4 11. Ndxe4 Nc6 12. Ng3 Bxc3 13. bxc3 Ne7 14. e4 Ng6 15.
Qg4 Ba6 16. Bg5 Qe8 17. Qe2 Nf4 18. Bxf4 Rxf4 19. Rfe1 Qf7 20. e5 Rf8 21. Ne4
Bb7 22. d5 exd5 23. Ng5 Qg6 24. e6 Qxg5 25. exd7 dxc4 26. g3 Rf3 27. Qe6+ Kh8
28. Qg4 Qxg4 29. hxg4 Rxf2 30. Re8 Rg2+ 0-1

[Event "Titled Tue 17th Jun Early"]
[Site "chess.com INT"]
[Date "2025.06.17"]
[Round "6"]
[White "Zebracki, Tomasz"]
[Black "Gutierrez Olivares, Daniel"]
[Result "0-1"]
[WhiteTitle "FM"]
[BlackTitle "FM"]
[WhiteElo "2230"]
[BlackElo "2354"]
[WhiteFideId "1181521"]
[BlackFideId "2264005"]
[EventDate "2025.06.17"]

1. d4 e6 2. e4 d5 3. Nc3 Bb4 4. exd5 exd5 5. Bd3 Nc6 6. Ne2 Nge7 7. Bg5 f6 8.
Bf4 Bf5 9. f3 Qd7 10. Qd2 O-O-O 11. O-O-O Kb8 12. a3 Ba5 13. Rhe1 Nc8 14. Bxf5
Qxf5 15. Ng3 Qd7 16. Qd3 g6 17. Re2 Bb6 18. Be3 Na5 19. Bf2 Qc6 20. Qb5 Qd6 21.
Na4 Nc4 22. Nxb6 N8xb6 23. Nf1 a6 24. Qb3 Qc6 25. Rde1 Na4 26. Re6 Rd6 27. Rxd6
cxd6 28. Bg3 Naxb2 29. Re7 Rc8 30. Bxd6+ Nxd6 31. Kxb2 Nf5 32. Rxh7 Nxd4 33. Qd3
Qb6+ 0-1

[Event "Titled Tue 17th Jun Early"]
[Site "chess.com INT"]
[Date "2025.06.17"]
[Round "6"]
[White "Samunenkov, Ihor"]
[Black "Terkiewicz, Bruno"]
[Result "1-0"]
[WhiteTitle "GM"]
[BlackTitle "CM"]
[WhiteElo "2562"]
[BlackElo "2183"]
[WhiteFideId "14187086"]
[BlackFideId "21093245"]
[EventDate "2025.06.17"]

1. d4 Nf6 2. Bf4 d5 3. e3 c5 4. dxc5 Nc6 5. Bb5 Ne4 6. c4 e6 7. Ne2 Bxc5 8. O-O
a6 9. Ba4 g5 10. Be5 O-O 11. Bxc6 bxc6 12. Nbc3 Nd6 13. Nd4 Nxc4 14. Bg3 Bd7 15.
b3 Nb6 16. e4 Qf6 17. e5 Qg6 18. f4 f5 19. fxg5 Qxg5 20. Bf4 Qe7 21. Ne2 Kh8 22.
Ng3 Be8 23. Rc1 Nd7 24. Kh1 Rc8 25. b4 Bxd4 26. Qxd4 c5 27. bxc5 Rxc5 28. Qe3
Bg6 29. Bg5 f4 30. Bxe7 fxe3 31. Rxf8+ Nxf8 32. Rxc5 Nd7 1-0

[Event "Titled Tue 17th Jun Early"]
[Site "chess.com INT"]
[Date "2025.06.17"]
[Round "6"]
[White "Novikova, Marharyta"]
[Black "Veleshnja, Zino"]
[Result "0-1"]
[WhiteTitle "WCM"]
[BlackTitle "FM"]
[WhiteElo "1974"]
[BlackElo "2245"]
[WhiteFideId "14109689"]
[BlackFideId "4701313"]
[EventDate "2025.06.17"]

1. e4 c5 2. Nc3 Nc6 3. d3 e5 4. g3 d6 5. Bg2 Be7 6. f4 Nf6 7. Nf3 O-O 8. O-O Bg4
9. h3 Bxf3 10. Bxf3 Nd4 11. Bg2 b5 12. Ne2 Rc8 13. c3 Nc6 14. Be3 d5 15. g4 d4
16. cxd4 cxd4 17. Bd2 exf4 18. Nxf4 Ne5 19. Qb3 Qb6 20. Ne2 Nfd7 21. Ng3 Nc5 22.
Qa3 Rfe8 23. Ba5 Qb8 24. Bb4 Nexd3 25. Nf5 Bf8 26. Nxd4 Nxb4 27. Qxb4 Ne6 28.
Qb3 Bc5 29. Rad1 Bxd4+ 30. Rxd4 Nxd4 31. Qxf7+ Kh8 32. e5 Rf8 33. Qd5 Ne2+ 34.
Kh2 Nf4 35. Qe4 Nxg2 36. Qxg2 Qxe5+ 37. Kh1 Rxf1+ 38. Qxf1 Qe4+ 0-1

[Event "Titled Tue 17th Jun Early"]
[Site "chess.com INT"]
[Date "2025.06.17"]
[Round "6"]
[White "Pranav, V"]
[Black "Rustemov, Alexander"]
[Result "1-0"]
[WhiteTitle "GM"]
[BlackTitle "GM"]
[WhiteElo "2595"]
[BlackElo "2525"]
[WhiteFideId "25060783"]
[BlackFideId "4119002"]
[EventDate "2025.06.17"]

1. Nf3 d5 2. g3 c6 3. Bg2 Bf5 4. O-O e6 5. d3 h6 6. Nbd2 Nf6 7. b3 Be7 8. Bb2
O-O 9. Re1 a5 10. a3 Qc7 11. e4 Bh7 12. Qe2 Rd8 13. h3 Nbd7 14. e5 Ne8 15. Nf1
a4 16. b4 c5 17. bxc5 Nxc5 18. Ne3 Qd7 19. Nd4 Nc7 20. f4 Nb5 21. Rf1 Nxd4 22.
Bxd4 Na6 23. Qg4 Bf5 24. Qe2 Bc5 25. Bxc5 Nxc5 26. g4 Bh7 27. f5 Rac8 28. f6 Qc7
29. Rad1 Nd7 30. d4 Qc3 31. fxg7 Kxg7 32. Rf3 Qb2 33. Qf2 Bg6 34. h4 Rf8 35. Rf1
Rxc2 36. Nxc2 Qxc2 37. Qe3 Nb6 38. R3f2 Qd3 39. Qf4 Nc4 40. h5 Be4 41. Qxf7+ 1-0

[Event "Titled Tue 17th Jun Early"]
[Site "chess.com INT"]
[Date "2025.06.17"]
[Round "6"]
[White "Asish Panda"]
[Black "Marynychenko, Yehor"]
[Result "1-0"]
[BlackTitle "CM"]
[WhiteElo "1911"]
[BlackElo "2183"]
[WhiteFideId "45012458"]
[BlackFideId "34160558"]
[EventDate "2025.06.17"]

1. e4 c5 2. Nf3 Nc6 3. Bb5 e6 4. O-O a6 5. Bxc6 dxc6 6. c3 Nf6 7. Qe2 Be7 8. d4
cxd4 9. cxd4 O-O 10. Nc3 b6 11. Bf4 Bb7 12. Rac1 Rc8 13. Rfd1 Qe8 14. h3 c5 15.
d5 Bd8 16. d6 Nd7 17. e5 Bxf3 18. Qxf3 f6 19. Qe2 fxe5 20. Bxe5 Bf6 21. Bxf6
Rxf6 22. Qxa6 Qf8 23. Rd2 Rd8 24. Re1 e5 25. Ne4 Rf4 26. f3 Nf6 27. Nxf6+ Rxf6
28. Qxb6 Rfxd6 29. Rxd6 Rxd6 30. Qxc5 Rd2 31. Qxe5 h6 32. a4 Qb4 33. Qe8+ Kh7
34. Qe4+ Qxe4 35. fxe4 Rxb2 36. Ra1 Re2 37. a5 Rxe4 38. a6 Re8 39. a7 Ra8 40.
Ra6 g6 41. g4 Kg7 42. Kg2 Kh7 43. Kf3 Kg7 44. Ke4 Kf7 45. Kd5 h5 46. g5 1-0

[Event "Titled Tue 17th Jun Early"]
[Site "chess.com INT"]
[Date "2025.06.17"]
[Round "6"]
[White "Verbovsky, Michal"]
[Black "Hehir, Michael"]
[Result "0-1"]
[WhiteTitle "CM"]
[WhiteElo "2172"]
[BlackElo "2009"]
[WhiteFideId "14934213"]
[BlackFideId "2047411"]
[EventDate "2025.06.17"]

1. e4 c5 2. Nc3 Nc6 3. Bb5 g6 4. Bxc6 dxc6 5. f4 Bg7 6. Nf3 Nf6 7. O-O O-O 8. d3
b6 9. h3 Qc7 10. e5 Nd5 11. Ne4 Bf5 12. c4 Nb4 13. a3 Bxe4 14. axb4 Rad8 15. Ne1
cxb4 16. Qe2 Bf5 17. b3 c5 18. Bb2 Bd7 19. Rf3 Bc6 20. Re3 e6 21. Nf3 Rd7 22.
Nd2 Rfd8 23. Nf1 Bh6 24. g3 Bg7 25. Nh2 Ba8 26. Kf2 Qc6 27. Nf3 h6 28. Rg1 Kh7
29. g4 a5 30. Nd2 a4 31. bxa4 Qxa4 32. f5 exf5 33. gxf5 Qc2 34. Rc1 Qxb2 35.
fxg6+ fxg6 36. Rg1 Bxe5 37. Rxg6 Bd4 38. Rxh6+ Kxh6 39. Ke1 Qa1+ 40. Kf2 Rf8+ 0-1

[Event "Titled Tue 17th Jun Early"]
[Site "chess.com INT"]
[Date "2025.06.17"]
[Round "6"]
[White "Baturin-Vinogradov, Miroslav"]
[Black "Sethuraman, Roshan"]
[Result "1/2-1/2"]
[WhiteTitle "CM"]
[WhiteElo "2046"]
[BlackElo "2074"]
[WhiteFideId "55745741"]
[BlackFideId "30965250"]
[EventDate "2025.06.17"]

1. e4 c5 2. Nf3 d6 3. d4 cxd4 4. Nxd4 Nf6 5. Nc3 a6 6. Bg5 Nbd7 7. a3 e6 8. Bc4
Qc7 9. Ba2 Be7 10. Qd2 h6 11. Bxf6 Nxf6 12. O-O O-O 13. Rad1 b5 14. Rfe1 Bb7 15.
f3 Rfd8 16. Kh1 Qb6 17. Qe2 Bf8 18. Rd2 d5 19. exd5 Nxd5 20. Nxd5 Bxd5 21. Bxd5
Rxd5 22. Red1 Rad8 23. Nb3 Rxd2 24. Rxd2 Rxd2 25. Qxd2 Bd6 26. g3 Qc6 27. Kg2
Bc7 28. c3 Qc4 29. Nc1 a5 30. Qd3 Qc6 31. Ne2 Bb6 32. Nd4 Bxd4 33. Qxd4 Qd5 34.
Qxd5 exd5 35. Kf2 Kf8 36. Ke3 Ke7 37. Kd4 Kd6 38. b4 a4 39. f4 f5 40. h3 h5 41.
h4 g6 42. Ke3 Ke6 43. Kd3 Kd7 44. Ke2 Ke6 45. Ke3 Ke7 46. Kd4 Kd6 47. Kd3 Kd7
48. Kd4 Kd6 1/2-1/2

[Event "Titled Tue 17th Jun Early"]
[Site "chess.com INT"]
[Date "2025.06.17"]
[Round "6"]
[White "Moldagali, Beksultan"]
[Black "Tsydypov, Zhamsaran"]
[Result "0-1"]
[WhiteTitle "FM"]
[BlackTitle "GM"]
[WhiteElo "2397"]
[BlackElo "2514"]
[WhiteFideId "13734768"]
[BlackFideId "4108566"]
[EventDate "2025.06.17"]

1. e4 c6 2. d4 d5 3. Nc3 dxe4 4. Nxe4 Nf6 5. Nxf6+ exf6 6. Bd3 Qxd4 7. Nf3 Qg4
8. O-O Be6 9. h3 Qh5 10. Re1 Bc5 11. Bc4 O-O 12. Bxe6 fxe6 13. Rxe6 Qf7 14. Qe2
Nd7 15. Bf4 Rfe8 16. Re1 Rxe6 17. Qxe6 Qxe6 18. Rxe6 Rd8 19. Bc7 Rc8 20. Bd6
Bxd6 21. Rxd6 Nb6 22. b3 Kf7 23. Kf1 Ke7 24. Rd1 Nd5 25. c4 Nc3 26. Re1+ Kf7 27.
Rc1 Nxa2 28. Ra1 Nc3 29. Rxa7 Rc7 30. Nd2 Rd7 31. Ke1 f5 32. f4 Kf6 33. Nf3 h6
34. Ne5 Rd1+ 35. Kf2 Rd2+ 36. Kf3 g5 37. Rxb7 Ne4 38. g3 Rf2+ 39. Ke3 Rg2 40.
Nd7+ Ke6 41. Nf8+ Kd6 42. g4 Rg3+ 43. Ke2 gxf4 44. b4 f3+ 45. Kf1 f2 46. Rd7+
Ke5 47. Ng6+ Kf6 0-1

[Event "Titled Tue 17th Jun Early"]
[Site "chess.com INT"]
[Date "2025.06.17"]
[Round "6"]
[White "Chen, Ryo"]
[Black "Mitrabha, Guha"]
[Result "0-1"]
[WhiteTitle "IM"]
[BlackTitle "GM"]
[WhiteElo "2395"]
[BlackElo "2515"]
[WhiteFideId "7003072"]
[BlackFideId "5057000"]
[EventDate "2025.06.17"]

1. e4 c6 2. Nf3 d5 3. d3 Nd7 4. Nc3 Ngf6 5. e5 d4 6. Ne2 Nxe5 7. Nexd4 Ng6 8.
Be2 e5 9. Nb3 Bd6 10. O-O h6 11. Nbd2 O-O 12. Ne4 Bc7 13. Be3 Nd5 14. Bd2 f5 15.
Nc3 Ndf4 16. g3 Nxe2+ 17. Qxe2 f4 18. Ne1 f3 19. Qe4 Qf6 20. Qc4+ Be6 21. Qe4
Rad8 22. Be3 Kh8 23. Nb1 Nf4 24. Nd2 Ne2+ 25. Kh1 a5 26. Bc5 Rf7 27. c4 b6 28.
Be3 c5 29. Ndxf3 Bf5 30. Qh4 Qc6 31. Rd1 Bc8 32. Rd2 Rxf3 0-1

[Event "Titled Tue 17th Jun Early"]
[Site "chess.com INT"]
[Date "2025.06.17"]
[Round "6"]
[White "Montejo Bello, Lorena Beatriz"]
[Black "Oppezzo, Sebastian"]
[Result "1-0"]
[WhiteTitle "WFM"]
[WhiteElo "2090"]
[BlackElo "2177"]
[WhiteFideId "3529045"]
[BlackFideId "112321"]
[EventDate "2025.06.17"]

1. e4 g6 2. d4 Bg7 3. Nc3 d6 4. Be3 Nf6 5. Qd2 c6 6. O-O-O Nbd7 7. h3 Qa5 8. Kb1
b5 9. Nf3 b4 10. Ne2 Nxe4 11. Qd3 d5 12. Nc1 O-O 13. Nb3 Qb6 14. h4 h5 15. Nfd2
Ndf6 16. Be2 Bf5 17. Qa6 Qc7 18. g3 Rfb8 19. Bf4 Qb6 20. Bxb8 Qxb8 21. Nxe4 Nxe4
22. Rh2 e5 23. Qxc6 exd4 24. Nxd4 Nc3+ 25. bxc3 bxc3+ 26. Nb3 a5 27. Qb5 Qd8 28.
Qxd5 Qf8 29. Qd6 Qe8 30. Bf3 a4 31. Bxa8 axb3 32. axb3 Qxa8 33. Qd8+ Qxd8 34.
Rxd8+ Kh7 35. Rh1 1-0

[Event "Titled Tue 17th Jun Early"]
[Site "chess.com INT"]
[Date "2025.06.17"]
[Round "6"]
[White "Mullodzhanov, Nathaniel"]
[Black "Flynn, Jacob"]
[Result "1-0"]
[BlackTitle "CM"]
[WhiteElo "1927"]
[BlackElo "2274"]
[WhiteFideId "30961580"]
[BlackFideId "2509393"]
[EventDate "2025.06.17"]

1. e4 e5 2. Nf3 Nc6 3. d4 exd4 4. Nxd4 Nf6 5. Nc3 Bb4 6. Nxc6 bxc6 7. Bd3 d5 8.
exd5 O-O 9. O-O Bg4 10. f3 Bh5 11. dxc6 Qd4+ 12. Kh1 Bxc3 13. bxc3 Qxc3 14. Rb1
Qxc6 15. Rb3 Bg6 16. Bb2 Rfd8 17. Qa1 Rd6 18. Be5 Rd5 19. Rc3 Rc5 20. Rxc5 Qxc5
21. Bxf6 gxf6 22. Qxf6 Re8 23. h3 Qe5 24. Qh4 Qe3 25. Qg3 Kh8 26. Bxg6 hxg6 27.
Qxc7 Kg7 28. Qc4 Re5 29. Rd1 Rc5 30. Qd3 Qf2 31. c3 Kh7 32. Qd4 Qxd4 33. cxd4
Rd5 34. Kg1 f5 35. Kf2 f4 36. Ke2 Kg7 37. Kd3 Kf6 38. Ke4 Rg5 39. Rd2 Rf5 40. d5
Ke7 41. Rc2 Rg5 42. Kxf4 Rxd5 43. Rc7+ 1-0

[Event "Titled Tue 17th Jun Early"]
[Site "chess.com INT"]
[Date "2025.06.17"]
[Round "6"]
[White "Shandrygin, Nikita"]
[Black "Tin, Jingyao"]
[Result "0-1"]
[WhiteTitle "FM"]
[BlackTitle "GM"]
[WhiteElo "2209"]
[BlackElo "2583"]
[WhiteFideId "24198668"]
[BlackFideId "5804418"]
[EventDate "2025.06.17"]

1. Nf3 d5 2. g3 Nf6 3. d4 c6 4. Bg2 Bg4 5. O-O e6 6. Ne5 Bh5 7. b3 Nbd7 8. Bb2
Nxe5 9. dxe5 Ne4 10. Nd2 Nxd2 11. Qxd2 Be7 12. f4 O-O 13. e4 dxe4 14. Qe3 Qa5
15. Bxe4 Rad8 16. Qe1 Rd2 17. Kh1 Bb4 18. c3 Bxc3 19. Bxc3 Qxc3 20. Rc1 Qb2 21.
h3 Rfd8 22. g4 Bg6 23. f5 exf5 24. gxf5 Rh2+ 25. Kg1 Rdd2 26. Qg3 Qd4+ 0-1

[Event "Titled Tue 17th Jun Early"]
[Site "chess.com INT"]
[Date "2025.06.17"]
[Round "6"]
[White "Jovic, Stanoje"]
[Black "Bardyk, Artem"]
[Result "0-1"]
[WhiteTitle "FM"]
[BlackTitle "FM"]
[WhiteElo "2096"]
[BlackElo "2260"]
[WhiteFideId "905020"]
[BlackFideId "34349979"]
[EventDate "2025.06.17"]

1. c4 e6 2. g3 d5 3. d4 Nf6 4. Bg2 Bd6 5. Nf3 O-O 6. c5 Be7 7. O-O b6 8. b4 a5
9. cxb6 cxb6 10. b5 a4 11. a3 Ne4 12. Ne5 f6 13. Nd3 Bd7 14. f3 Ng5 15. Nc3 Nf7
16. Rb1 Nd6 17. e4 dxe4 18. fxe4 e5 19. dxe5 fxe5 20. Rxf8+ Qxf8 21. Nxe5 Bf6
22. Qd5+ Kh8 23. Bf4 Ra7 24. Qxd6 Qxd6 25. Nf7+ Kg8 26. Nxd6 Bxc3 27. Nc4 Be6
28. Bxb8 Rb7 29. Bd6 Bxc4 30. e5 Rf7 31. Rc1 Bd4+ 32. Kh1 Be6 33. h3 h5 34. Be4
g5 35. Bg6 Bd5+ 36. Kh2 Rf2+ 0-1

[Event "Titled Tue 17th Jun Early"]
[Site "chess.com INT"]
[Date "2025.06.17"]
[Round "6"]
[White "Guerrero Cataldo, Juan Andres"]
[Black "Stemmler, Fabian"]
[Result "1-0"]
[WhiteTitle "CM"]
[BlackTitle "CM"]
[WhiteElo "2082"]
[BlackElo "2190"]
[WhiteFideId "3421260"]
[BlackFideId "12964808"]
[EventDate "2025.06.17"]

1. d4 Nf6 2. c4 g6 3. Nf3 Bg7 4. Nc3 O-O 5. Bf4 d6 6. h3 c5 7. e3 Qa5 8. Bd3 Nc6
9. O-O cxd4 10. exd4 Bd7 11. a3 a6 12. Re1 Rfe8 13. b4 Qd8 14. Rc1 Nh5 15. Be3
e5 16. d5 Nd4 17. Ne4 h6 18. Nxd6 Rf8 19. Nxb7 Qc7 20. Nc5 Bc8 21. Bf1 Nxf3+ 22.
Qxf3 Rb8 23. Qd1 Rd8 24. Be2 Nf4 25. Bf3 Qe7 26. Bxf4 f5 27. Bh2 f4 28. Bxf4 1-0

[Event "Titled Tue 17th Jun Early"]
[Site "chess.com INT"]
[Date "2025.06.17"]
[Round "6"]
[White "Danila, Tudor-Gabriel"]
[Black "Huseynova, Dinara"]
[Result "1-0"]
[WhiteTitle "CM"]
[BlackTitle "WCM"]
[WhiteElo "2178"]
[BlackElo "1833"]
[WhiteFideId "1274244"]
[BlackFideId "13437313"]
[EventDate "2025.06.17"]

1. e4 c6 2. Nc3 d5 3. Nf3 Bg4 4. h3 Bxf3 5. Qxf3 e6 6. Be2 Bc5 7. O-O Nf6 8. Rd1
Bd4 9. Qf4 dxe4 10. Nxe4 Nxe4 11. Qxe4 Bf6 12. d4 Qd5 13. Qd3 Na6 14. Bf3 Qd7
15. c4 O-O 16. Be3 Rad8 17. Qb3 Qc7 18. g3 Rfe8 19. h4 Rd7 20. Rac1 Red8 21. d5
Qb8 22. dxc6 Rxd1+ 23. Rxd1 Rxd1+ 24. Qxd1 bxc6 25. b3 Qc7 26. Kg2 Be7 27. Qa1
Nb4 28. Qb2 c5 29. h5 Nd3 30. Qd2 Ne5 31. Bf4 Nxf3 32. Kxf3 Qc6+ 33. Ke2 h6 34.
f3 Bf6 35. Qd6 Qxd6 36. Bxd6 Bd4 37. g4 a6 38. a3 f6 39. b4 Bb2 40. b5 axb5 41.
cxb5 c4 42. b6 c3 43. Kd3 Bxa3 44. Bxa3 1-0

[Event "Titled Tue 17th Jun Early"]
[Site "chess.com INT"]
[Date "2025.06.17"]
[Round "6"]
[White "Venkatesh, Narayan"]
[Black "Maghsoodloo, Parham"]
[Result "1/2-1/2"]
[WhiteTitle "FM"]
[BlackTitle "GM"]
[WhiteElo "2168"]
[BlackElo "2691"]
[WhiteFideId "30987881"]
[BlackFideId "12539929"]
[EventDate "2025.06.17"]

1. d4 Nf6 2. c4 e6 3. Nc3 Bb4 4. e3 O-O 5. Bd2 Re8 6. Nf3 b6 7. Bd3 Bb7 8. O-O
c5 9. a3 Bxc3 10. Bxc3 cxd4 11. exd4 d5 12. b3 a5 13. c5 Ne4 14. Qc2 Nd7 15. b4
f6 16. Bxe4 dxe4 17. Nd2 f5 18. Nc4 Ba6 19. Nd6 Bxf1 20. Rxf1 axb4 21. axb4 Nf6
22. Bd2 Nd5 23. Nxe8 Qxe8 24. c6 b5 25. Qc5 Rc8 26. Rc1 Ne7 27. Qxb5 Rxc6 28.
Rxc6 Nxc6 29. d5 exd5 30. Qxd5+ Kh8 31. Bc3 e3 32. Kf1 exf2 33. Kxf2 f4 34. Qc5
h6 35. b5 Nd8 36. b6 Qe4 37. Qd4 Qc2+ 38. Qd2 Qxd2+ 39. Bxd2 g5 40. h4 Kg7 41.
hxg5 hxg5 42. Kf3 Kf6 43. g3 fxg3 44. Kxg3 Kf5 45. Bxg5 Kxg5 46. b7 Nxb7 1/2-1/2

[Event "Titled Tue 17th Jun Early"]
[Site "chess.com INT"]
[Date "2025.06.17"]
[Round "6"]
[White "Grover, Sahaj"]
[Black "Gales, Randi-Ioan"]
[Result "1-0"]
[WhiteTitle "GM"]
[BlackTitle "CM"]
[WhiteElo "2465"]
[BlackElo "2243"]
[WhiteFideId "5021103"]
[BlackFideId "1285360"]
[EventDate "2025.06.17"]

1. d4 Nf6 2. Bf4 d5 3. e3 c5 4. Nf3 e6 5. Nbd2 Bd6 6. Ne5 Qc7 7. c3 Nbd7 8. Ndf3
O-O 9. Bd3 b6 10. h4 Bb7 11. h5 h6 12. Rh4 Kh8 13. Bb5 Rad8 14. Nxd7 Nxd7 15.
Bxd6 Qxd6 16. Bxd7 Rxd7 17. Ne5 Rc7 18. Qg4 Qe7 19. Rh3 Qg5 20. Qf3 Qf6 21. Qg4
Qg5 22. Qf3 Qf6 23. Qg3 Rfc8 24. Rh4 Re7 25. Rf4 Qg5 26. Nxf7+ Rxf7 27. Qxg5
hxg5 28. Rxf7 Ba6 29. Kd2 cxd4 30. exd4 Kg8 31. Rxa7 Bb5 32. Re1 Re8 33. f3 g4
34. f4 Bc6 35. g3 b5 36. Re5 Kh7 37. Rg5 Bd7 38. Rxd7 1-0

[Event "Titled Tue 17th Jun Early"]
[Site "chess.com INT"]
[Date "2025.06.17"]
[Round "6"]
[White "Harsh, Suresh"]
[Black "Demchenko, Yaroslav"]
[Result "1-0"]
[WhiteTitle "IM"]
[BlackTitle "CM"]
[WhiteElo "2392"]
[BlackElo "2263"]
[WhiteFideId "45018464"]
[BlackFideId "14186667"]
[EventDate "2025.06.17"]

1. b3 c5 2. Bb2 Nc6 3. e3 e5 4. Nf3 d6 5. d4 exd4 6. exd4 Nf6 7. dxc5 dxc5 8.
Qxd8+ Nxd8 9. Bxf6 gxf6 10. Bb5+ Bd7 11. Bxd7+ Kxd7 12. Nc3 Ne6 13. O-O-O+ Kc6
14. Nd5 Bg7 15. Ne7+ Kc7 16. Nf5 Bf8 17. Rd3 Rd8 18. Rxd8 Nxd8 19. Rd1 h6 20. h4
h5 21. c4 Bh6+ 22. Kc2 Bf4 23. Re1 Ne6 24. g3 Bd6 25. Nd2 Re8 26. Ne4 Be5 27.
Nc3 Bxc3 28. Kxc3 Rd8 29. Ne3 Kc6 30. Nd5 b5 31. Nxf6 b4+ 32. Kc2 Nd4+ 33. Kc1
a5 34. Re5 Nf3 35. Rf5 Rd3 36. Ne4 Nd4 37. Rxc5+ Kb6 38. Rd5 Rc3+ 39. Kd2 Nf3+
40. Ke2 f5 41. Nxc3 1-0

[Event "Titled Tue 17th Jun Early"]
[Site "chess.com INT"]
[Date "2025.06.17"]
[Round "6"]
[White "Rosenbecker, Daniel"]
[Black "Villa, Ma. Elayza"]
[Result "0-1"]
[WhiteTitle "CM"]
[WhiteElo "2109"]
[BlackElo "1819"]
[WhiteFideId "1718959"]
[BlackFideId "5224292"]
[EventDate "2025.06.17"]

1. b3 d5 2. Bb2 Nf6 3. e3 e6 4. Nf3 Be7 5. Be2 c5 6. c4 Nc6 7. d4 O-O 8. O-O b6
9. Nc3 Bb7 10. cxd5 Nxd5 11. Nxd5 Qxd5 12. dxc5 Qxd1 13. Rfxd1 Bxc5 14. Rd7 Rab8
15. Ne5 Rfd8 16. Rad1 Rxd7 17. Rxd7 Nd8 18. Nd3 Bf8 19. Rc7 Rc8 20. Rxc8 Bxc8
21. Ne5 Bd6 22. Nc4 Nb7 23. Nxd6 Nxd6 24. Bd3 h6 25. Kf1 Kf8 26. Ke2 Ke7 27.
Bxg7 h5 28. Bb2 Bb7 29. g3 f5 30. f3 Nf7 31. h4 Nh6 32. e4 fxe4 33. fxe4 Ng4 34.
Ba3+ Kf6 35. Bb2+ e5 36. Bc2 Ba6+ 37. Kf3 Ke6 38. Bc1 Kd6 39. Be3 Nh2+ 40. Kg2
Ng4 41. Bg1 Be2 42. Bb1 Kc6 43. Bc2 a5 44. a3 b5 45. Bb1 b4 0-1